Südoldenburg-Emsland : ein ländlicher Raum im Strukturwandel : Jahrestagung der Geographischen Kommission in Vechta 1987/

Disimpan dalam:
Butiran Bibliografi
Pengarang Korporat: Provinzialinstitut für Westfälische Landes- und Volkskunde. Geographische Kommission.
Pengarang-pengarang Lain: Mayr, Alois., Temlitz, Klaus.
Format: Buku
Bahasa:German
Diterbitkan: Münster : Im Selbstverlag der Geographischen Kommission für Westfalen, 1991.
Siri:Spieker ; 34.
Subjek-subjek:
Penanda-penanda: Tambah Penanda
Tiada Penanda, Jadilah orang pertama menanda rekod ini!
LEADER 01215nam a2200289Ma 4500
001 002873473-4
005 20020606093309.7
008 930323s1991 gw ab b 100 0 ger d
035 0 |a ocm27913922 
040 |a CUY  |c CUY  |d HLS 
043 |a e-gx--- 
050 4 |a GB214.W4  |b S65 no.34 
245 0 0 |a Südoldenburg-Emsland :  |b ein ländlicher Raum im Strukturwandel : Jahrestagung der Geographischen Kommission in Vechta 1987/  |c Alois Mayr, Klaus Temlitz (Hg.). 
260 |a Münster :  |b Im Selbstverlag der Geographischen Kommission für Westfalen,  |c 1991. 
300 |a 132 p. :  |b ill. (some col.), maps ;  |c 24 cm. 
490 1 |a Spieker ;  |v 34 
500 |a Ills., maps and tables on 8 folded leaves in pocket. 
504 |a Includes bibliographical references. 
651 0 |a Vechta (Germany : Kreis)  |x Description and travel  |v Congresses. 
651 0 |a Oldenburg (Germany : Landkreis)  |x Description and travel  |v Congresses. 
651 0 |a Lower Saxony (Germany)  |x Description and travel  |v Congresses. 
700 1 |a Mayr, Alois. 
700 1 |a Temlitz, Klaus. 
710 2 |a Provinzialinstitut für Westfälische Landes- und Volkskunde.  |b Geographische Kommission. 
830 0 |a Spieker ;  |v 34. 
988 |a 20020608 
906 |0 OCLC